Sports Quiz

Random Sports Quiz

Formula Renault 3.5 drivers (2005-2015) Quiz Stats

 Plays Quiz not verified by Sporcle

Challenge
Share
Tweet
Embed
Score 0/224 Timer 20:00
0 Plays Today
Country Driver % Correct
AustraliaDaniel Ricciardo
83.3%
FranceCharles Pic
82.1%
FranceArthur Pic
82.1%
VenezuelaPastor Maldonado
80.8%
PolandRobert Kubica
76.9%
FranceJean-Éric Vergne
76.9%
USAAlexander Rossi
76.9%
GermanySebastian Vettel
75.6%
DenmarkKevin Magnussen
75.6%
NetherlandsGiedo van der Garde
73.1%
MonacoStefano Coletti
73.1%
FranceJules Bianchi
73.1%
RussiaMikhail Aleshin
71.8%
BelgiumStoffel Vandoorne
71.4%
SpainCarlos Sainz Jr.
71%
GermanyDaniel Abt
70.5%
FranceTom Dillmann
68.6%
PortugalAntónio Félix da Costa
66.7%
CyprusTio Ellinas
66%
FrancePierre Gasly
64.3%
SpainRoberto Merhi
64.3%
SpainJaime Alguersuari
64.1%
IndiaKarun Chandhok
62.8%
CanadaRobert Wickens
61.5%
UK (England)Will Stevens
60.3%
NetherlandsRobin Frijns
60.3%
Austria/UAEAndreas Zuber
59%
Colombia/ItalyJulián Leal
59%
UK (England)Max Chilton
59%
UK (England)Sam Bird
59%
UK (England)Oliver Rowland
58.9%
PortugalÁlvaro Parente
56.4%
MonacoStéphane Richelmi
55.1%
IndonesiaSean Gelael
52.9%
SpainAlbert Costa
52.6%
BrazilAndré Negrão
52.6%
RussiaSergey Sirotkin
52.6%
IndonesiaPhilo Paz Patrick Armand
51%
Philippines/SwitzerlandMarlon Stöckinger
50%
BelgiumJérôme d'Ambrosio
48.7%
GermanyMichael Ammermüller
48.7%
New ZealandBrendan Hartley
48.7%
AustriaRené Binder
48.7%
FranceNorman Nato
48.6%
MalaysiaFairuz Fauzy
47.4%
MexicoPablo Sánchez López
47.4%
UK (N. Ireland)Adam Carroll
46.2%
DenmarkMarco Sørensen
46.2%
MalaysiaJazeman Jaafar
44.3%
FranceEsteban Ocon
44.2%
PortugalFilipe Albuquerque
43.6%
EstoniaKevin Korjus
43.6%
NetherlandsNyck de Vries
43.1%
SwedenGustav Malja
43.1%
South AfricaAdrian Zaugg
42.3%
New ZealandRichie Stanaway
42.3%
IsraelRoy Nissany
41.2%
ItalyLuca Ghiotto
41.1%
SwitzerlandNico Muller
41%
SwitzerlandLouis Delétraz
40.9%
CanadaNicholas Latifi
40.4%
BrazilPietro Fantin
40%
SpainBorja García
39.7%
SpainVíctor García
39.7%
ItalyDavide Valsecchi
38.5%
Romania/BelgiumMichael Herck
38.5%
BrazilLuiz Razia
38.5%
Czech Rep.Jan Charouz
38.5%
MexicoAlfonso Celis Jr.
38.2%
FranceMatthieu Vaxivière
37.5%
NetherlandsBeitske Visser
37.5%
FranceAurélien Panis
37.3%
BrazilBruno Bonifacio
37.3%
AustraliaWill Power
37.2%
RussiaDaniil Move
37.2%
Country Driver % Correct
SpainSergio Canamasas
37.2%
FinlandAaro Vainio
37.2%
UK (N. Ireland)William Buller
36.8%
BelgiumBertrand Baguette
35.9%
EstoniaSten Pentus
35.9%
UK (England)Dean Stoneman
35.9%
SwitzerlandZoël Amberg
35.9%
FranceNathanael Berthon
34.6%
UK (Scotland)Lewis Williamson
34.6%
ColombiaCarlos Huertas
34.6%
NetherlandsMeindert van Buuren
33.9%
SwedenAlx Danielsson
33.3%
MonacoClivio Piccione
33.3%
USAJake Rosenzweig
33.3%
SerbiaMiloš Pavlović
32.1%
SpainDani Clos
32.1%
NetherlandsNigel Melker
32.1%
FinlandMatias Laine
31.4%
NetherlandsDaniël de Jong
30.8%
JapanYu Kanamaru
30.8%
UK (England)Oliver Turvey
29.5%
RomaniaMihai Marinescu
29.5%
HungaryTamás Pal Kiss
29.5%
RussiaEgor Orudzhev
29.4%
SwitzerlandAlex Fontana
29.2%
Switzerland/FranceMathéo Tuscher
28.6%
UK (England)Will Bratt
28.6%
MoroccoMehdi Bennani
28.2%
New ZealandChris van der Drift
28.2%
UK (England)Nick Yelloly
28.2%
BrazilLucas Foresti
28.2%
ColombiaÓscar Tunjo
27.3%
SpainAndy Soucek
26.9%
BrazilAlberto Valério
26.9%
USACharlie Kimball
26.9%
AustraliaJohn Martin
25.6%
ItalyDaniel Zampieri
25.6%
MexicoSalvador Durán
24.4%
Italy/FranceEdoardo Mortara
24.4%
LatviaHarald Schlegelmilch
24.4%
ItalyRiccardo Agostini
23.9%
SpainAdrián Vallés
23.1%
ItalyDavide Rigon
23.1%
FranceSimon Pagenaud
23.1%
SpainMarcos Martínez
23.1%
ArgentinaEsteban Guerrieri
23.1%
UK (England)Jon Lancaster
23.1%
JapanKeisuke Kunimoto
23.1%
FranceNelson Panciatici
23.1%
UK (England)Oliver Webb
23.1%
GermanyMarkus Winkelhock
21.8%
UK (England)Ben Hanley
21.8%
AustriaWalter Grubmüller
21.8%
BrazilCésar Ramos
21.8%
ItalyVittorio Ghirelli
21.8%
San MarinoChristian Montanari
20.5%
SpainÁlvaro Barba
20.5%
SpainMarco Barba
20.5%
TurkeyJason Tahincioğlu
20.5%
UK (England)Pippa Mann
20.5%
UK (Isle of Man)Greg Mansell
20.5%
Czech Rep.Filip Salaquarda
20.5%
RussiaNikolay Martsenko
20.5%
BrazilYann Cunha
20.5%
SwitzerlandChristopher Zanella
20%
RussiaRoman Mavlanov
19.6%
FranceNicolas Prost
19.2%
SpainMiguel Molina
19.2%
ItalyMarco Bonanomi
17.9%
New ZealandDominic Storey
17.9%
NetherlandsYelmer Buurman
16.7%
BrazilFabio Carbone
15.4%
FranceAdrien Tambay
15.4%
FranceJean-Karl Vernay
15.4%
FranceTristan Gommendy
14.1%
Country Driver % Correct
JapanRyō Fukuda
14.1%
ItalyPasquale di Sabatino
14.1%
FranceRichard Philippe
14.1%
FranceJulien Jousse
14.1%
GermanyTobias Hegewald
14.1%
ItalyFederico Leo
14.1%
SpainBruno Méndez
14.1%
ItalyGiovanni Venturini
14.1%
SwitzerlandGiorgio Mondini
12.8%
UK (England)James Rossiter
12.8%
FranceGuillaume Moreau
12.8%
ItalyFrancesco Provenzano
12.8%
FranceÉric Salignon
11.5%
BrazilCarlos Iaconelli
11.5%
GermanyJulian Theobald
11.5%
GermanyJohannes Theobald
11.5%
RussiaAnton Nebilitskiy
11.5%
FranceEmmanuel Piget
11.4%
UK (England)Oliver Jarvis
10.3%
UK (Jersey)James Walker
10.3%
SpainAleix Alcaraz
10.3%
RussiaSergey Afanasyev
10.3%
UK (England)Cameron Twynham
9.1%
SpainCelso Míguez
9%
ItalyFerdinando Monfardini
9%
South AfricaCristiano Morgado
9%
SpainFélix Porteiro
7.7%
ItalyEnrico Toccacelo
7.7%
USARichard Antinucci
7.7%
BelgiumFrédéric Vervisch
7.7%
USAConor Fleming
7.7%
UK (Scotland)Ryan Sharp
7.7%
UK (England)Robbie Kerr
7.7%
FranceFranck Perera
7.7%
SpainAlejandro Núñez
7.7%
ItalyAndrea Roda
7.3%
NetherlandsJaap van Lagen
6.4%
UK (England)Alex Lloyd
6.4%
GermanyDaniel la Rosa
6.4%
CanadaSean McIntosh
6.4%
JapanHayanori Shimoda
6.4%
BelgiumGregory Franchi
6.4%
FranceAlexandre Marsoin
6.4%
UK (England)Duncan Tappy
6.4%
BrazilDanilo Dirani
5.1%
FrancePatrick Pilet
5.1%
BrazilFernando Rees
5.1%
UK (England)Edwin Jowsey
5.1%
NetherlandsXavier Maassen
5.1%
ArgentinaRicardo Risatti
5.1%
BrazilMario Romancini
5.1%
ItalyMario Paolo Nocera
5.1%
UK (England)Danny Watts
3.8%
ItalyMatteo Meneghello
3.8%
Czech Rep.Tomáš Kostka
3.8%
ItalyRaffaele Giammaria
3.8%
ItalyStefano Proetto
3.8%
ItalyGiovanni Tedeschi
3.8%
ItalyAlessandro Bonetti
3.8%
SpainNil Montserrat
3.8%
FranceBruce Jouanny
3.8%
SpainMáximo Cortés
3.8%
SpainSiso Cunill
3.8%
UK (England)Daniel McKenzie
3.8%
ItalyIvan Bellarosa
2.6%
FranceDamien Pasini
2.6%
GermanySven Barth
2.6%
ItalyMatteo Pellegrino
2.6%
UK (N. Ireland)Steven Kane
2.6%
South AfricaGavin Cronje
2.6%
UKRichard Keen
2.6%
GermanyPascal Kochem
2.6%
ItalyAlessandro Ciompi
2.6%
BrazilClaudio Cantelli
2.6%

You're not logged in!

Compare scores with friends on all Sporcle quizzes.
Join for Free
OR
Log In

You Might Also Like...

Show Comments

Extras

Top Quizzes Today


Score Distribution

Your Account Isn't Verified!

In order to create a playlist on Sporcle, you need to verify the email address you used during registration. Go to your Sporcle Settings to finish the process.

Report this User

Report this user for behavior that violates our Community Guidelines.

Details: